| 000 | 00535nam a2200217Ia 4500 | ||
|---|---|---|---|
| 003 | 0100 | ||
| 008 | 130227s9999 xx 000 0 und d | ||
| 040 | _cARRUPELIB | ||
| 050 | _aPC2640.H319 | ||
| 100 | _aJago, R.P. | ||
| 245 | _aHarrap's concise French and English dictionary | ||
| 245 | _bFrench-English, English-French in one volume | ||
| 260 | _aLondon | ||
| 260 | _bHarrap | ||
| 260 | _C1949 | ||
| 300 | _a804p. | ||
| 300 | _b 23 cm | ||
| 650 | _bCommunism - Great Britain | ||
| 650 | _cSocialism | ||
| 942 |
_2lcc _010 |
||
| 999 |
_c4990 _d4990 |
||